Statistics for Famous Last Names #1

Click here to take the quiz!

General Stats

  • This quiz has been taken 53,969 times
    (40,899 since last reset)
  • The average score is 15 of 24

Answer Stats

First NamesLast Name% Correct
O.J., Jessica, BartSimpson
98%
Indiana, Bridget, QuincyJones
96%
George, Denzel, BookerWashington
95%
Harrison, Henry, GeraldFord
94%
Will, Emmitt, AdamSmith
87%
Hugh, Ulysses, CaryGrant
82%
Lyndon, Magic, RandyJohnson
81%
Demi, Julianne, MandyMoore
80%
Tina, Ted, KathleenTurner
68%
Jerry, Condoleezza, AnneRice
64%
Neve, Naomi, BruceCampbell
61%
Jennifer, George, MarioLopez
58%
Dorian, David, MacyGray
56%
Larry, Don, Billie JeanKing
55%
Amy, Abigail, SamAdams
52%
Julia, Nora, OralRoberts
51%
Barry, Meg, SnowWhite
51%
Arthur, Dennis, SiennaMiller
48%
Jim, Van, ToniMorrison
46%
Bobby, Gordon, CharlieBrown
45%
Peter, Mary-Louise, TonyParker
43%
Clarence, Dylan, IsaiahThomas
40%
Tom, Marsha, WayneBrady
38%
Bill, Omar, MiltonBradley
21%

Score Distribution

Percentile by Number Answered

Percent of People with Each Score

Your Score History

You have not taken this quiz since the last reset